000 01399cam a22003977a 4500
003 CHAP
005 20220817043012.0
008 971013s1994 r 00010 d
010 _a62426
011 _a63398
035 _a67574
040 _cCHAP
082 _a338.14
_bG3
100 0 0 _aGarciadiego, Javier.
_945652
245 1 3 _aEl TLC día a día
_b: crónica de una negociación
260 _aMéxico, D.F. :
_bPorrúa,
_c1994
300 _a1060 p.
590 _aBATCH-UPD
_b10
_c20130110
_lUCH01
_h0320
590 _aBATCH-UPD
_b10
_c20130110
_lUCH01
_h1645
590 _aBATCH-UPD
_b10
_c20130409
_lUCH01
_h2352
590 _aBATCH-UPD
_b10
_c20130914
_lUCH01
_h1016
590 _aCONVERSION
_b10
_c20130109
_lUCH01
_h1334
650 0 4 _aMéxico
_xComercio
_zE.U.A.
650 1 4 _aAgricultura
_xAspectos economicos
_zMexico.
_91312
650 1 4 _aComercio internacional.
_925641
650 1 4 _aMéxico
_xComercio
_xCanadá.
_976677
650 1 4 _aPolítica comercial
_zMéxico.
_990479
650 1 4 _aProductos agrícolas
_xMercadeo
_zMéxico.
_991999
650 1 4 _aTratado Trilateral de Libre Comercio.
700 0 _aHernández, Begoña.
_954769
700 0 _aRayo González, María del.
_994846
901 _aBK
942 _cLIBRO
949 _a338.14 G3
_bBC
_cLIBRO
_d33724000680211
_eLIBRO
_h92168
_i67574
_si
949 _a338.14 G3
_bBC
_cLIBRO
_d33724000840773
_eLIBRO
_fc.2
_gDonaciØn
_h100807
_i67574
_si
999 _c62426
_d62426